Puí a divoká trojka /

Dobrodružný příběh gekonka Puího na cestě za svou nejlepší kamarádkou. Knížka s velkými písmeny vhodná pro začínající čtenáře.

Uloženo v:
Série:Gekonek Puí, část 1
Hlavní autor: Svozilová, Kateřina, 1967- (Autor, Ilustrátor)
Další autoři: Svozil, Vladimír (Autor)
Médium: Kniha
Jazyk:Czech
Vydáno: Albrechtice nad Vltavou : Gekonky, 2025
Vydání:První vydání
Témata:
Celkem bylo vypůjčeno:0x
Příbuzné jednotky:Z cyklu:: Gekonek Puí
Tagy:
Žádné tagy
LEADER 02158nam a2200421 i 4500
001 106733
003 CZ PrSKC
005 20260703111856.0
007 ta
008 250908s2025 xr a b 000 j cze
015 |a cnb003707916 
020 |a 9788090646414  |q (vázáno) :  |c Kč 298,00 
040 |a ABG001  |b cze  |d ABA001  |e rda 
072 7 |a 821.162.3-3  |x Česká próza  |2 Konspekt  |9 25 
072 7 |a 821-93  |x Literatura pro děti a mládež (beletrie)  |2 Konspekt  |9 26 
080 |a 821.162.3-32  |2 MRF 
080 |a 821-93  |2 MRF 
080 |a (0:82-32)  |2 MRF 
100 1 |a Svozilová, Kateřina,  |d 1967-  |7 xx0264412  |4 aut  |9 116431  |4 ill 
245 1 0 |a Puí a divoká trojka /  |c Kateřina Svozilová, Vladimír Svozil 
250 |a První vydání 
264 1 |a Albrechtice nad Vltavou :  |b Gekonky,  |c 2025 
300 |a 90 stran :  |b barevné ilustrace ;  |c 23 cm +  |e obálka s překvapením (17 x 12 cm) 
336 |a text  |b txt  |2 rdacontent 
336 |a statický obraz  |b sti  |2 rdacontent 
337 |a bez média  |b n  |2 rdamedia 
338 |a svazek  |b nc  |2 rdacarrier 
520 2 |a Dobrodružný příběh gekonka Puího na cestě za svou nejlepší kamarádkou. Knížka s velkými písmeny vhodná pro začínající čtenáře.  |b Při stěhování se občas něco zapomene. Ale co dělat, když zapomenete svého nejlepšího zvířecího kamaráda? Dokáže gekonek Puí najít cestu za holčičkou Klárkou? Naštěstí na to není sám. Pomůže mu myšák Riki. A navíc je tu Divoká trojka, která dokáže téměř nemožné. Napínavý příběh o přátelství a o tom, jak je důležité nevzdat se ani ve chvíli, kdy všechno vypadá beznadějně. Nakladatelská anotace. Kráceno. 
655 7 |a české příběhy  |7 fd133973  |2 czenas  |9 54030 
655 7 |a publikace pro děti  |7 fd133156  |2 czenas  |9 23 
655 9 |a Czech stories  |2 eczenas 
655 9 |a children's literature  |2 eczenas 
700 1 |a Svozil, Vladimír  |4 aut 
787 0 8 |i Z cyklu:  |t Gekonek Puí  |g 1 
910 |a UOG502 
942 |2 ddc  |c KN 
999 |d 106733 
993 |0 0  |1 421180107464  |2 ddc  |4 0  |6 M  |7 0  |9 100249  |b 0  |c 107464  |d 2026-07-03  |e 0  |f M  |g M  |h 298.00  |i Koupě  |l M  |r 2026-07-03  |t 8  |w 2026-07-03  |y KN  |z BELET  |n